00301nam a2200109Ia 4500008004100000020001800041041000800059100001400067245004500081260005700126300000800183230724s2012 xx und d a9788190662529 aeng aBRANDS U. aDESIGN BY USE THE EVERYDAY METAMORPHOSIS bBOARD OF INTERNATIONAL RESEARCH IN DESIGN BORDc2012 a192